100 vrai prénoms de stars - Statistiques

Statistiques générales
  • Ce quiz a été pris 255 fois
  • Le résultat moyen est 28 sur 100
Statistiques - réponses
Stars Indice Vrai prénoms % Correct
Jul J Julien
90%
Johnny Hallyday J-P Jean-Philippe
74%
Keen'V K Kevin
73%
Orelsan A Aurélien
62%
M Pokora M Matthieu
62%
Bigflo F Florian
60%
Stromae P Paul
60%
Diam's M Mélanie
58%
Inoxtag I Inès
57%
Molière J-B Jean-Baptiste
57%
Squeezie L Lucas
56%
Michou M Miguel
56%
Zazie I Isabelle
55%
Amixem M Maxime
55%
Ninho W William
55%
Joey Starr D Didier
54%
SCH J Julien
52%
Garou P Pierre
52%
Tom Cruise T Thomas
52%
Dany Boon D Daniel
50%
Vitaa C Charlotte
49%
McFly D David
49%
DJ Snake W William
49%
Louane A Anne
48%
Coluche M Michel
48%
Carlito R Raphaël
48%
Lorie L Laure
45%
Coeur de pirate B Béatrice
44%
Maïté M-T Marie-Thérèse
42%
Zaz I Isabelle
41%
Mika M Michaël
41%
Ed Sheeran E Edward
39%
Arthur J Jacques
38%
Oli O Olivio
38%
Nekfeu K Ken
37%
Shy'm T Tamara
36%
Yanns Y Yannick
36%
Bourvil A André
35%
France Gall I Isabelle
35%
Gims G Gandhi
34%
Grand corps malade F Fabien
32%
Soprano S Saïd
32%
Fernandel F Fernand
31%
Lady Gaga S Stefani
31%
Mc Solaar C Claude
29%
Serge Gainsbourg L Lucien
29%
Black M A Alpha
24%
Booba E Elie
24%
Matt LeBlanc M Matthew
24%
Eddy Mitchell C Claude
23%
Eminem M Marshall
23%
Joe Dassin J Joseph
22%
Booder M Mohamed
22%
Bénabar B Bruno
20%
Anémone A Anne
19%
Tex J-C Jean-Christophe
19%
Hoshi M Mathilde
18%
Cartman N Nicolas
17%
Sheila A Annie
15%
Jeff Panacloc D Damien
14%
Mimie Mathy M Michèle
14%
Naps N Nabil
14%
Mercotte J Jacqueline
13%
Avicii T Tim
13%
Lio V Vanda
13%
Santa S Samantha
11%
Vincent Moscato T Thierry
11%
Jarry A Anthony
10%
George Sand A Aurore
10%
Bob Sinclar C Christophe
10%
Dalida I Iolanda
10%
Eve Angeli V Vanessa
10%
Enrico Macias G Gaston
9%
Elton John R Reginald
9%
Cali B Bruno
8%
Sinclair M Mathieu
8%
Julie Pietri N Nicole
8%
Bruno Mars P Peter
8%
Miou-Miou S Sylvette
8%
Hatik C Clément
7%
K-Maro C Cyril
7%
Clara Morgane E Emmanuelle
7%
Axelle Red F Fabienne
7%
Julien Courbet F Frédéric
7%
Julien Clerc P-A Paul-Alain
6%
Julien Lepers R Ronan
5%
Larusso L Laetitia
4%
Jay-Z S Shawn
4%
Cyndi Lauper C Cynthia
3%
La Zarra F Fatima
3%
Sting G Gordon
3%
Petit Biscuit M Mehdi
3%
Sinik T Thomas
3%
Calvin Harris A Adam
2%
Pink A Alecia
2%
Al Pacino A Alfredo
2%
Ridsa M Maxence
2%
Fergie S Stacy
2%
Indila A Adila
1%
The Kid Laroi C Charlton
0%
Aucun quiz correspondant
Distribution des résultats
% des personnes avec chaque résultat
Percentile par nombre de réponses
Votre historique - résultats
Vous n’avez pas pris ce quiz